000 00769na a2200265 4500
001 12893
003 MIRAKIL
005 20181213154748.0
008 160817b tu 000 0
020 _a786058938700
035 _a12893
040 _aMilas
_btur
_cTR-AnCHP
082 _a297.211
_bB29k 2012
090 _a297.211 B29k 2012
100 _aBayındır, Abdulaziz
245 _aKur'an ışığında aracılık ve şirk
_cAbdulaziz Bayındır
250 _a4.bs.
260 _aİstanbul
_bSüleymaniye Vakfı Yayınları
_c2012
300 _a223 s.
_c21 sm.
490 _aSüleymaniye Vakfı yayınları
_v02
500 _aYapıt, Arapça metin içerir.
504 _aKaynakça var.
650 _aİslamiyet
_xAkaid ve kelam
_xTanrı
942 _2dcc
_cBKS
999 _c419
_d419